000 00610nam a2200217Ia 4500
005 20250425162434.0
008 250425s9999 xx 000 0 und d
020 _a9789978340332
041 _aeng
082 _a304.8
100 _aVEGA DELGADO, GUSTAVO
245 0 _aEFFECTS OF MIGRATION ON ALCOHOL USE: A SURVEY OF DRINKING PATTERNS, ATTITUDES AND ALCOHOL-RELATED PROBLEMS AMONG ECUADORIANS IN ECUADOR AND IN MONTREAL
250 _aS.E.
260 _aEcuador
_bUNAP
_c2009
260 _aS.L.
300 _a225
650 _aALCOHOLISMO
650 _aMIGRACION
942 _c01
010 _a74013
999 _c229241
_d229241